10 Closest Capitals to Stockholm Quiz Stats

 Plays Quiz Updated Aug 16, 2018

Challenge
Share
Tweet
Embed
Score 0/10 Timer 02:00
1 Play Today
Capital % Correct
Oslo, Norway
97.7%
Helsinki, Finland
93.4%
Copenhagen, Denmark
92.6%
Berlin, Germany
92.1%
Warsaw, Poland
81%
Riga, Latvia
74.1%
Tallinn, Estonia
65.6%
Vilnius, Lithuania
61.3%
Prague, Czechia
55.4%
Minsk, Belarus
53.1%

You're not logged in!

Compare scores with friends on all Sporcle quizzes.
Join for Free
OR
Log In

You Might Also Like...

Show Comments

Extras

Top Quizzes Today


Score Distribution

Your Account Isn't Verified!

In order to create a playlist on Sporcle, you need to verify the email address you used during registration. Go to your Sporcle Settings to finish the process.

Report this User

Report this user for behavior that violates our Community Guidelines.

Details: